| 000 | 007980000a22001930004500 | ||
|---|---|---|---|
| 005 | 20200104041725.0 | ||
| 008 | 170207b xxu||||| |||| 00| 0 spa d | ||
| 040 |
_aCO-BoIAVH _cCO-BoIAVH |
||
| 041 | _aspa | ||
| 090 |
_aMM _b00243 |
||
| 245 | 0 | 0 |
_aImplementación del proceso de educación y apoyo a la gestión ambiental en los corregimientos: _sSan Cristóbal, Altavista, San Antonio de Prado, Santa Elena y San Sebastián de Palmitas del Municipio de Medellin. |
| 257 | _aColombia | ||
| 264 |
_aMedellín: _bCorantioquia, _cs.f. |
||
| 300 |
_bCD-ROM _a1 |
||
| 500 | _aLocalización -- Reseña histórica -- Bienes patrimoniales -- Relatos populares -- Atractivos populares -- Álbum fotográfico | ||
| 650 | 1 | 4 |
_aEducación ambiental _9162 |
| 650 | 1 | 4 |
_aMunicipios _978966 |
| 942 |
_cCD-ROM _2z |
||
| 999 |
_c16627 _d16627 |
||